000 00984nam a22002897a 4500
001 5105
003 FISKH
005 20241106122941.0
008 241106b cb ||||| |||| 00| 0 eng d
020 _a9781338254327
040 _aFISKH
_beng
_cFISKH
_dFISKH
050 _aPZ7.R926
082 _a457
100 _aRusu, Meredith
245 _aKendall's snow fort /
_cAdapted by Meredith Rusu from the screenplay by Robyn Brown
250 _aFirst printing in 2018
260 _aNew York :
_bScholastic,
_c2018.
300 _a26 pages :
_bColor illustrations ;
_c23 cm
505 _aL
520 _a"There's a storm coming! The other WellieWishers promise to help Kendall build a snow fort to keep the animals warm. But can the girls finish before the storm arrives?"--Page [4] of cover.
521 8 _a520L
_bLexile
521 8 _aL
_bRaz-Plus
650 _2Avery
_aAmerican Girl Series
650 _2Beginning reader
_aJReader
942 _2ddc
_cBK
_n0
999 _c5105
_d5105